Lesní semenářství

Bibliographic Details
Main Author: Šnajperk, Rajmund (Author)
Format: Book
Language:Czech
PhysicalDescription:332 strán
Published: Praha Státní zemědělské nakladatelství 1954

MARC

LEADER 00000nam a22000007a 4500
001 vtls010452268
003 SK-MaSNL
005 20260301174006.0
008 120921s1954 xr 000 0 czes
040 |a SNK  |b slo  |c SNK  |e AACR2 
041 0 |a cze 
044 |a xr  |c CZ 
100 1 |a Šnajperk, Rajmund  |4 aut  |9 545690 
245 1 0 |a Lesní semenářství  |c Rajmund Šnajperk 
260 |a Praha  |b Státní zemědělské nakladatelství  |c 1954 
300 |a 332 strán 
852 |a Slovenská národná knižnica 
999 |c 838321  |d 840251 
952 |a SNK  |b SNK  |y VYP  |7 0  |p 17A1317656  |o snkIC 8308/36  |i snkI. 6127/54  |0 0  |1 0  |4 0  |d 2024-11-22  |l 0  |r 2026-02-24 04:01:09  |w 2026-02-24